SCO 2009. Sborník 6. ročníku konference o elektronické podpoře výuky

Guardado en:
Detalles Bibliográficos
Otros Autores: Sojka, Petr (Editor), Rambousek, Jiří (Editor)
Formato: Libro
Publicado: Brno : Masarykova univerzita, 2009
Etiquetas: Agregar Etiqueta
Sin Etiquetas, Sea el primero en etiquetar este registro!

MARC

LEADER 00000nam a22000003a 4500
001 stu186026
005 20150617230036.5
008 090624s2009----xr----------------------d
020 |a 978-80-210-4878-2 
040 |a STU  |b slo 
041 0
044 |a xr 
100 1 |a Sojka, Petr  |4 edt 
245 1 |a SCO 2009. Sborník 6. ročníku konference o elektronické podpoře výuky 
260 |a Brno :  |b Masarykova univerzita,  |c 2009 
300 |a 283 s 
700 1 |a Rambousek, Jiří  |4 edt 
996 |c I*Z7995  |l I  |s A  |a 24  |w stu186026_0001